000
00326nam a2200133Ia 4500
005
20251222141848.0
008
251222s9999||||xx |||||||||||||| ||spa||
020
_a
84-300-1986-3
082
_a
245.43/R73
100
_a
Rodilla Zanón, Antonio
245
0
_a
Cartas a mi Hermana
264
_b
Artes Gráficas Soler
942
_c
LIB
999
_c
7630
_d
7630